| 000 | 00618nam a22002177i 4500 | ||
|---|---|---|---|
| 003 | URS | ||
| 005 | 20220114152703.0 | ||
| 008 | 170502b xxu||||| |||| 00| 0 eng d | ||
| 020 | _a0139503536 | ||
| 040 |
_erda _cURSP-College Library _beng |
||
| 050 | _b658 R61 1990 | ||
| 100 | 1 | _aRodgers, Ulka | |
| 245 |
_aUnix Database Management Systems _cUlka Rodgers |
||
| 264 | 1 |
_aNew Jersey _bPrentice-Hall, Incorporated _c1990. |
|
| 300 |
_aix, 333pages _c23cm. |
||
| 336 |
_atext _btxt _2rdacontent |
||
| 337 |
_aunmediated _bn _2rdamedia |
||
| 338 |
_avolume _bnc _2rdacarrier |
||
| 500 | _aIncludes index | ||
| 942 |
_2lcc _cFR |
||
| 999 |
_c7275 _d7275 |
||